000 00333 a2200109 4500
001 ART_10298
005 20260410161654.0
008 260409a
245 1 0 _a¿Qué significa estar orientado al mercado?
100 1 _aDay, George S.
773 0 _tHarvard Deusto Business Review
_g- Nº 93 (nov./dic. 1999)
_wREV521
999 _c14510
_d14510